| 000 -CABECERA |
| Longitud fija campo de control |
00633nam a2200181 a 4500 |
| 001 - NÚMERO DE CONTROL |
| Número de control |
2263 |
| 003 - IDENTIFICADOR DEL NÚMERO DE CONTROL |
| Identificador del número de control |
CDMR |
| 005 - FECHA Y HORA DE LA ÚLTIMA TRANSACCIÓN |
| Fecha y hora de la última transacción |
20131115125512.0 |
| 008 - CÓDIGOS DE INFORMACIÓN DE LONGITUD FIJA |
| Códigos de información de longitud fija |
130130s1989||||||||||||||||||||||||||||d |
| 040 ## - FUENTE DE LA CATALOGACIÓN |
| Centro catalogador de origen |
CDMR |
| Lengua de catalogación |
cat |
| Centro transcriptor |
CDMR |
| 100 1# - PUNTO DE ACCESO PRINCIPAL-NOMBRE DE PERSONA |
| Nombre de persona |
Arias Sánchez, Óscar |
| 9 (RLIN) |
1684 |
| 245 13 - MENCIÓN DE TÍTULO |
| Título |
La prensa y la diversidad de opiniones |
| 260 ## - PUBLICACIÓN, DISTRIBUCIÓN, ETC. (PIE DE IMPRENTA) |
| Lugar de publicación, distribución, etc. |
San José |
| Fecha de publicación, distribución, etc. |
1989 |
| Nombre del editor, distribuidor, etc. |
Colegio de Periodistas de Costa Rica |
| 300 ## - DESCRIPCIÓN FÍSICA |
| Extensión |
20 p. |
| 500 ## - NOTA GENERAL |
| Nota general |
Discurs amb motiu del Primer Congreso de Periodistas, en el XX aniversari del Colegio de Periodistas de Costa Rica, 28 d'octubre de 1989 |
| 710 2# - PUNTO DE ACCESO ADICIONAL - NOMBRE DE ENTIDAD |
| 9 (RLIN) |
4295 |
| Nombre de entidad o nombre de jurisdicción como elemento inicial |
Colegio de Periodistas de Costa Rica |
| 942 ## - ENTRADA DE ELEMENTOS AGREGADOS (KOHA) |
| Koha [por defecto] tipo de item |
Fullets |
| Fuente de clasificaión o esquema |
|